000 00782nam a2200229Ii 4500
003 JO-AjNU
008 230605s9999||||xx |||||||||||||| ||und||
017 _a1661/5/2009
020 _a978-9957-07-667-6
040 _aJO-AjNU
_bara
_erda
_cJO-AjNU
041 _aara
050 1 4 _aP118.O9312 2010
100 3 _a محمد قاسم، مصطفى مترجم /E.owens jr,Robert تأليف ,
_eauthor
_942897
245 0 0 _aمقدمة في التطور اللغوي=Language Development An Introduction
250 _aط1
264 3 1 _aعمان:دار الفكر ,2010
300 _a807ص
336 _atext
_btxt
_2rdacontent
337 _aunmediated
_bn
_2rdamedia
338 _avolume
_bnc
_2rdacarrier
650 4 _aالتطور اللغوي-وصف اللغة-اللغة
_942898
999 _aA18402
_c21970
_d21970